| 000 | 00866 a2200229 4500 | ||
|---|---|---|---|
| 999 |
_c3377 _d3377 |
||
| 020 | _a0340929391 (pbk.) | ||
| 020 | _a9780340929391 (pbk.) | ||
| 050 | 0 | 0 | _aLB 1139.23 GRE 2007 |
| 100 | 1 |
_aGreen, S _eAuthor |
|
| 245 | 1 | 0 |
_aChildren's care, learning and development / _cTeena Kamen. |
| 264 |
_aLondon: _bNelson Thornes Ltd, _c2007 |
||
| 300 |
_avi, 456 p. : _bill. |
||
| 500 | _a"For NVQ & SVQ level 3." | ||
| 504 | _aIncludes bibliographical references (p. 436-440) and index. | ||
| 650 | 0 | _aChild care. | |
| 650 | 0 | _aChild care | |
| 650 | 0 | _aEarly childhood education. | |
| 650 | 0 | _aEarly childhood education | |
| 856 | 4 | 1 |
_3Table of contents only _uhttp://www.loc.gov/catdir/toc/fy0805/2008378258.html |
| 942 |
_2lcc _cBK _h1139.23 _iGRE _kLB |
||